La indemnización por daños y perjuicios en el contrato de trabajo
Сохранить в:
| Главные авторы: | , |
|---|---|
| Формат: | |
| Язык: | испанский |
| Опубликовано: |
Pamplona
Aranzadi
2003
|
| Серии: | Monografías Aranzadi, 290
|
| Предметы: | |
| Метки: |
Добавить метку
Нет меток, Требуется 1-ая метка записи!
|
MARC
| LEADER | 00000nam a2200000 a 4500 | ||
|---|---|---|---|
| 001 | UCL8129 | ||
| 003 | CL-VaPUC | ||
| 008 | 040611e20030000SP |||||||||||||||||spa|d | ||
| 020 | |a 8497672763 | ||
| 082 | 0 | 4 | |a 346.022 |b SEM |2 21 |
| 100 | 0 | |a Sempere Navarro, Antonio V |e author |9 486096 | |
| 700 | 0 | |a San Martín Mazzucconi, Carolina |e author |9 486097 | |
| 245 | 1 | 3 | |a La indemnización por daños y perjuicios en el contrato de trabajo |
| 300 | |a 303 p | ||
| 942 | |c BK | ||
| 945 | |d 20040611 00:00:00 |a cmena | ||
| 260 | |a Pamplona |b Aranzadi |c 2003 | ||
| 650 | 0 | |a Obligaciones |9 255578 | |
| 650 | 0 | |a Contratos de trabajo |9 254966 | |
| 650 | 7 | |a INDEMNIZACION POR TERMINO DE CONTRATO DE TRABAJO |2 CL-VaPUC |9 388101 | |
| 650 | 0 | |a Trabajadores |9 260887 | |
| 583 | |a last modification |c 20130608 02:11:20 |k Rodrigo Vera | ||
| 490 | 0 | |a Monografías Aranzadi, 290 | |
| 999 | |c 309580 |d 309578 | ||
| 952 | |0 0 |1 0 |4 0 |6 346_022000000000000_SEM_2003 |7 0 |8 A |9 377106 |a BIBDER |b BIBDER |d 2019-11-21 |i 4021649 |o 346.022 SEM 2003 |p 4021649 |r 2023-01-25 |w 2019-11-21 |y BK |k DER | ||